000 00261nam a2200121 i 4500
001 bg
245 0 _aAtlas avtomobilnych dorog SSSR.
260 _aMoskva,
_c1969.
040 _cBPK
041 _apol
942 _cKS
008 s pl f |000 0 pol
999 _c12315
_d12315
856 _uhttp://koha.tu.koszalin.pl/cgi-bin/koha/opac-detail.pl?biblionumber=12315
_yKatalog online BPK